Clinical Pharmaceutical Care and New Technologies: A Synergy to High Reduce Healthcare Costs (Record no. 311290)
[ view plain ]
| 000 -LEADER | |
|---|---|
| fixed length control field | 00510nam a2200133Ia 4500 |
| 008 - FIXED-LENGTH DATA ELEMENTS--GENERAL INFORMATION | |
| fixed length control field | 170221s9999 xx 000 0 und d |
| 100 ## - MAIN ENTRY--PERSONAL NAME | |
| Personal name | M*, Luisetto |
| 245 ## - TITLE STATEMENT | |
| Title | Clinical Pharmaceutical Care and New Technologies: A Synergy to High Reduce Healthcare Costs |
| 245 ## - TITLE STATEMENT | |
| Statement of responsibility, etc | Luisetto M* |
| 260 ## - PUBLICATION, DISTRIBUTION, ETC. (IMPRINT) | |
| Date of publication, distribution, etc | 2012 |
| 300 ## - PHYSICAL DESCRIPTION | |
| Extent | 32 : 9 |
| 650 ## - SUBJECT ADDED ENTRY--TOPICAL TERM | |
| General subdivision | Business |
| 856 ## - ELECTRONIC LOCATION AND ACCESS | |
| Uniform Resource Identifier | <a href="http://www.omicsgroup.org/journals/clinical-pharmaceutical-care-and-new-technologies-a-synergy-tohigh-reduce-healthcare-costs-2167-0234-1000e147.pdf">http://www.omicsgroup.org/journals/clinical-pharmaceutical-care-and-new-technologies-a-synergy-tohigh-reduce-healthcare-costs-2167-0234-1000e147.pdf</a> |
| Withdrawn status | Lost status | Damaged status | Home library | Current library | Date acquired | Total Checkouts | Date last seen | Price effective from | Koha item type |
|---|---|---|---|---|---|---|---|---|---|
| College Library | College Library | 02/21/2017 | 02/21/2017 | 02/21/2017 | Foreign e-journal articles |